MARC

LEADER 00000nam0a2200000 4500
001 350493
005 20231102010316.0
035 |a (RuTPU)RU\TPU\retro\4611 
090 |a 350493 
100 |a 20190205d1961 m y0rusy50 ca 
101 0 |a rus 
102 |a RU 
105 |a a z 001zy 
200 1 |a Байкал в произведениях художников Иркутска  |e альбом репродукций  |f под ред. И. Н. Липовича 
210 |a Ленинград  |c Художник РСФСР  |d 1961 
215 |a 11 с.  |c ил., 24 репродукции 
316 |5 63413507: КР-5910  |a На обложке дарственная надпись: "Дорогому Александру Акимовичу от И. Пару[нрзб] - 28-IX-62 г. г. Иркутск" 
317 |5 63413507: КР-5910  |a Поступила в НТБ в 1987 г. в дар от вдовы ученого Е. К. Завадовской 
320 |a Репродукции: с. 11 
606 1 |a Живопись  |2 stltpush  |3 (RuTPU)RU\TPU\subj\73461  |9 86457 
610 1 |a изобразительное искусство 
610 1 |a репродукции 
610 1 |a Байкал 
610 1 |a Иркутск 
610 1 |a художники 
610 1 |a альбомы 
610 1 |a библиотека А. А. Воробьева 
610 1 |a дары библиотеке 
610 1 |a дарственные надписи 
675 |a 75(084)  |v 4 
702 1 |a Липович  |b И. Н.  |4 340 
801 1 |a RU  |b 63413507  |c 20190205 
801 2 |a RU  |b 63413507  |c 20190306  |g RCR 
942 |c BK